000 00219nam a22000857a 4500
008 160917b xxu||||| |||| 00| 0 eng d
100 _9644
_aMisra.M.
245 _aSocial Science-7
260 _aNew Delhi
_bAPC Publications
_c2010
999 _c3302
_d3302